[Event "URS-chT Cup 08th"]
[Site "Moscow"]
[Date "1974.08.21"]
[Round "2"]
[White "Gurgenidze, Bukhuti"]
[Black "Vaganian, Rafael A"]
[Result "0-1"]
[WhiteElo "2500"]
[BlackElo "2540"]
[PlyCount "74"]
[EventDate "1974.08.20"]
[EventType "team-tourn"]
[EventRounds "9"]
[EventCountry "URS"]
[SourceTitle "EXT 2020"]
[Source "ChessBase"]
[SourceDate "2019.10.17"]
[SourceVersion "1"]
[SourceVersionDate "2019.10.17"]
[SourceQuality "1"]
[WhiteTeam "Dinamo"]
[BlackTeam "Spartak"]
[WhiteTeamCountry "URS"]
[BlackTeamCountry "URS"]

1. e4 e6 2. Nf3 d5 3. Nc3 d4 4. Ne2 c5 5. b4 e5 6. Nxe5 Qe7 7. Nd3 Qxe4 8. Nxc5
Bxc5 9. bxc5 Nc6 10. d3 Qe7 11. g3 Bg4 12. Bg2 Bh5 13. h3 f5 14. Bf4 Qxc5 15.
O-O Nf6 16. Re1 O-O 17. Qb1 Rae8 18. Qxb7 Nd5 19. Bxd5+ Qxd5 20. Nxd4 Rxe1+ 21.
Rxe1 Qa5 22. Qxc6 Qxe1+ 23. Kg2 Bf7 24. Nf3 Qe8 25. Qxe8 Rxe8 26. c4 Re6 27. a3
Rb6 28. Ne5 Rb3 29. d4 Rxa3 30. d5 Ra1 31. d6 Rd1 32. c5 Be6 33. f3 a5 34. Nc6
a4 35. Ne7+ Kf7 36. c6 a3 37. Be5 a2 0-1

[Event "URS-chT Republics 13th Group1"]
[Site "Riga"]
[Date "1975.07.??"]
[Round "4"]
[White "Vaganian, Rafael A"]
[Black "Petrosian, Tigran V"]
[Result "1-0"]
[WhiteElo "2530"]
[BlackElo "2645"]
[PlyCount "59"]
[EventDate "1975.07.15"]
[EventType "team-tourn"]
[EventRounds "4"]
[EventCountry "URS"]
[SourceTitle "EXT 2020"]
[Source "ChessBase"]
[SourceDate "2019.10.17"]
[SourceVersion "1"]
[SourceVersionDate "2019.10.17"]
[SourceQuality "1"]
[WhiteTeam "Armenia"]
[BlackTeam "Moscow"]
[WhiteTeamCountry "ARM"]
[BlackTeamCountry "RUS"]

1. c4 Nf6 2. Nc3 c6 3. Nf3 d5 4. e3 e6 5. b3 Be7 6. Bb2 O-O 7. d4 Nbd7 8. Bd3
b6 9. O-O Bb7 10. e4 dxe4 11. Nxe4 c5 12. Qe2 cxd4 13. Nxd4 Nc5 14. Nxc5 bxc5
15. Nf3 Qc7 16. Ne5 Rad8 17. Rfe1 Rd6 18. Bc3 Ba8 19. Qe3 Rfd8 20. Qh3 g6 21.
Re3 Nh5 22. Ng4 Rd4 23. Bxd4 cxd4 24. Re5 f5 25. Nh6+ Kg7 26. Rxe6 Kxh6 27.
Qxf5 Rg8 28. Rc1 Bd6 29. g3 Bb7 30. h4 1-0

[Event "Match/Club Burevestnik-Spartak"]
[Site "Moscow"]
[Date "1976.??.??"]
[Round "?"]
[White "Vaganian, Rafael A"]
[Black "Gulko, Boris F"]
[Result "1-0"]
[WhiteElo "2550"]
[BlackElo "2530"]
[PlyCount "61"]
[EventDate "1976.02.??"]
[EventType "team"]
[EventRounds "1"]
[EventCountry "URS"]
[SourceTitle "EXT 2001"]
[Source "ChessBase"]
[SourceDate "2000.11.22"]
[SourceVersion "1"]
[SourceVersionDate "2000.11.22"]
[SourceQuality "1"]

1. Nf3 Nf6 2. c4 g6 3. Nc3 Bg7 4. g3 O-O 5. Bg2 d6 6. d4 c5 7. O-O Bf5 8. Qb3
Qb6 9. Re1 Qxb3 10. axb3 Bc2 11. Ra3 Ne4 12. Be3 Na6 13. Rc1 Nxc3 14. bxc3 Be4
15. Rca1 d5 16. Nd2 Bxg2 17. Kxg2 Rfd8 18. b4 cxb4 19. cxb4 Nxb4 20. Rxa7 Rxa7
21. Rxa7 Rb8 22. Nb3 Nc6 23. Ra2 Nb4 24. Ra5 Nc2 25. Rb5 Kf8 26. c5 Ke8 27. c6
Kd8 28. Na5 Kc7 29. Rxb7+ Rxb7 30. cxb7 e6 31. Bf4+ 1-0

[Event "Yerevan"]
[Site "Yerevan"]
[Date "1976.03.21"]
[Round "3"]
[White "Vaganian, Rafael A"]
[Black "Romanishin, Oleg M"]
[Result "1-0"]
[WhiteElo "2550"]
[BlackElo "2560"]
[PlyCount "127"]
[EventDate "1976.03.19"]
[EventType "tourn"]
[EventRounds "15"]
[EventCountry "URS"]
[SourceTitle "EXT 1999"]
[Source "ChessBase"]
[SourceDate "1998.11.16"]
[SourceVersion "1"]
[SourceVersionDate "1998.11.16"]
[SourceQuality "1"]

1. Nf3 c5 2. g3 b5 3. a4 bxa4 4. Bg2 Bb7 5. d3 e6 6. O-O d6 7. Nc3 Be7 8. e4
Nd7 9. Qe2 Bf6 10. Nd2 Bxc3 11. bxc3 Ne7 12. Nc4 Nb6 13. Na5 Ba6 14. f4 O-O 15.
f5 exf5 16. exf5 Ned5 17. f6 Re8 18. Qf2 Re6 19. c4 Nxf6 20. Bxa8 Qxa8 21. Bb2
Qe8 22. Rae1 Ng4 23. Rxe6 Qxe6 24. Qe1 Bc8 25. Qxe6 Bxe6 26. Nb7 Ne3 27. Rc1
Nc8 28. Bc3 Bd7 29. Bd2 Nf5 30. c3 h5 31. Bf4 Kf8 32. Kf2 Bc6 33. Rb1 Bd7 34.
h3 Ke7 35. Na5 Kd8 36. Rb7 Nfe7 37. h4 Ng6 38. d4 f6 39. Ke3 Nge7 40. Kd2 Nf5
41. Kd3 {Sealed move} cxd4 42. cxd4 Ke8 43. Rb2 g5 44. hxg5 fxg5 45. Bxg5 Nxg3
46. Rg2 Nf5 47. d5 {Sealed move} Nce7 48. Rh2 Ng3 49. Bf4 Bf5+ 50. Kc3 Ne4+ 51.
Kb4 Ng6 52. Bg5 Bg4 53. Bh4 Bd1 54. Rh1 Bf3 55. Rh3 Bd1 56. Re3 Bc2 57. Bg3 Kd7
58. Nc6 h4 {Sealed move} 59. Bh2 a5+ 60. Nxa5 Ne7 61. Rf3 Ng5 62. Rf2 Bd1 63.
Rf6 Ne4 64. Rf4 1-0

[Event "Yerevan"]
[Site "Yerevan"]
[Date "1976.03.23"]
[Round "5"]
[White "Csom, Istvan"]
[Black "Vaganian, Rafael A"]
[Result "0-1"]
[WhiteElo "2490"]
[BlackElo "2550"]
[Annotator "ChessBase"]
[PlyCount "118"]
[EventDate "1976.03.19"]
[EventType "tourn"]
[EventRounds "15"]
[EventCountry "URS"]
[SourceTitle "EXT 1999"]
[Source "ChessBase"]
[SourceDate "1998.11.16"]
[SourceVersion "1"]
[SourceVersionDate "1998.11.16"]
[SourceQuality "1"]

1. c4 Nf6 2. Nf3 g6 3. b4 Bg7 4. Bb2 O-O 5. e3 d6 6. Be2 e5 7. d3 (7. d4) 7...
Nbd7 8. O-O Ne8 9. Qb3 Kh8 (9... f5 10. c5+ Kh8 11. Nbd2) 10. Nbd2 Qe7 11. Rac1
(11. c5 dxc5 12. bxc5 Nxc5 13. Qa3) 11... b6 12. c5 bxc5 13. bxc5 Nxc5 14. Qa3
Nd7 15. Nc4 c5 16. Nfd2 Qe6 17. d4 $1 exd4 18. Bf3 d5 19. exd4 Rb8 20. Rfe1 Qa6
21. Bxd5 Nc7 22. Qxa6 Nxa6 23. Ba3 Nf6 (23... Bxd4 24. Nb3 Bf6 25. Nd6 Rb6 26.
Nxc8 Rxc8 27. Bxf7 $14) 24. Bc6 (24. Bf3 $16) 24... Nb4 25. Bxb4 cxb4 26. d5
$14 Bh6 27. Re7 a5 28. Ne3 (28. Rd1) 28... a4 $11 29. Ra7 b3 30. axb3 axb3 31.
Rb1 Ng4 32. Nec4 Bg7 $2 (32... b2 33. h3 Bxd2 34. Nxd2 Ne5 35. Ra2 Nd3 36. Ra3
Rb4 37. g4 Nc1 $15) 33. Rxb3 $14 Bd4 34. Rxb8 Bxf2+ (34... Bxa7 35. Ra8 Bxf2+
36. Kf1 Bc5) 35. Kh1 Bxa7 36. Ra8 Bd4 (36... Bc5 37. Ne4 $16) 37. d6 $2 (37.
Bd7 $16) 37... Nf2+ 38. Kg1 Ng4+ 39. Kf1 Nxh2+ 40. Ke1 Kg7 41. d7 (41. Ke2)
41... Bxd7 $15 42. Rxf8 Bxc6 43. Rd8 Bg1 44. g3 Ng4 45. Ke2 Bf2 46. Rd6 Bg2 47.
Rd3 h5 48. Rb3 f6 49. Nd6 f5 50. N6c4 Kf6 51. Ra3 Bd5 52. Rd3 (52. Ra6+ Kg7 (
52... Kg5 53. Nf3+ Bxf3+ 54. Kxf3 $11) 53. Ne5 Bxg3 54. Rxg6+ Kh7 $15) 52...
Be6 53. Ra3 g5 54. Kf3 Bd4 55. Ra6 Ne5+ 56. Nxe5 Kxe5 57. Kg2 (57. Ke2) 57...
g4 58. Ra5+ $4 (58. Kh2) 58... Bd5+ 59. Kh2 Bc3 0-1

[Event "Yerevan"]
[Site "Yerevan"]
[Date "1976.03.28"]
[Round "8"]
[White "Vaganian, Rafael A"]
[Black "Petrosian, Arshak B"]
[Result "1-0"]
[WhiteElo "2550"]
[BlackElo "2325"]
[PlyCount "43"]
[EventDate "1976.03.19"]
[EventType "tourn"]
[EventRounds "15"]
[EventCountry "URS"]
[SourceTitle "EXT 1999"]
[Source "ChessBase"]
[SourceDate "1998.11.16"]
[SourceVersion "1"]
[SourceVersionDate "1998.11.16"]
[SourceQuality "1"]

1. c4 Nf6 2. Nc3 e6 3. Nf3 d5 4. d4 Be7 5. Bf4 O-O 6. e3 Nbd7 7. Rc1 a6 8. c5
Nh5 9. Bd3 Nxf4 10. exf4 c6 11. Na4 Qa5+ 12. Kf1 Qc7 13. g3 f6 14. Qc2 g6 15.
Bxg6 f5 (15... hxg6 16. Qxg6+ Kh8 17. Nh4 Qd8 18. Qh6+ Kg8 19. Ng6 e5 20. Qh8+
Kf7 21. Qh7+ Ke8 22. Nxf8 Bxf8 23. Qh5+ Ke7 24. fxe5 fxe5 25. Qg5+ Ke8 26. Qg6+
Ke7 27. dxe5 $18 Nxe5 28. Re1 Bh3+ 29. Kg1 Qc7 30. Qh7+ $18) 16. Qe2 Nf6 $4 (
16... hxg6 17. Qxe6+ Rf7 18. Ng5 Bxg5 19. Qxg6+ Rg7 20. Qe6+ Rf7 21. Qg6+ $11)
17. Nb6 $18 Rb8 18. Nxc8 Rbxc8 (18... Qxc8 19. Bxf5 exf5 20. Qxe7 $18) 19.
Qxe6+ Kh8 20. Bxf5 Rce8 21. Qe5 Qa5 22. Bd7 1-0

[Event "WchT Students 21st final A"]
[Site "Caracas"]
[Date "1976.??.??"]
[Round "3.1"]
[White "Vaganian, Rafael A"]
[Black "Hug, Werner"]
[Result "1-0"]
[WhiteElo "2550"]
[BlackElo "2430"]
[PlyCount "95"]
[EventDate "1976.08.16"]
[EventType "team-tourn"]
[EventRounds "7"]
[EventCountry "VEN"]
[SourceTitle "EXT 2000"]
[Source "ChessBase"]
[SourceDate "1999.11.16"]
[SourceVersion "1"]
[SourceVersionDate "1999.11.16"]
[SourceQuality "1"]
[WhiteTeam "Soviet Union"]
[BlackTeam "Switzerland"]
[WhiteTeamCountry "URS"]
[BlackTeamCountry "SUI"]

1. d4 c5 2. d5 e5 3. e4 d6 4. Nc3 Be7 5. Nf3 Bg4 6. h3 Bxf3 7. Qxf3 Bg5 8. Bxg5
Qxg5 9. Nb5 Qd8 10. Qg4 Nf6 11. Qxg7 Rg8 12. Qh6 a6 13. Nc7+ Qxc7 14. Qxf6 Qa5+
15. c3 Nd7 16. Qf5 Qa4 17. Be2 Rg6 18. O-O Ke7 19. b3 Qa5 20. Rfc1 Rag8 21. Bf1
Qd8 22. Qf3 Qf8 23. b4 Qg7 24. Rab1 h5 25. Rc2 h4 26. a4 c4 27. a5 Rf6 28. Qe3
Rg6 29. Qf3 Rf6 30. Qe3 Rg6 31. f3 Rg3 32. Kh1 Qg6 33. b5 Nc5 34. bxa6 bxa6 35.
Rcb2 Nb3 36. Qf2 Qh6 37. Bxc4 Nc5 38. Bf1 Qg5 39. Rb6 Nd3 40. Rb7+ Kf6 41. Bxd3
Rxg2 42. f4 exf4 43. e5+ Qxe5 44. Qxh4+ R2g5 45. Qh6+ R5g6 46. Bxg6 Rxg6 47.
Qh8+ Rg7 48. Rxf7+ 1-0

[Event "WchT Students 21st final A"]
[Site "Caracas"]
[Date "1976.??.??"]
[Round "4.2"]
[White "Fernandez Gonzalez, Juan Carlos"]
[Black "Vaganian, Rafael A"]
[Result "0-1"]
[WhiteElo "2370"]
[BlackElo "2550"]
[PlyCount "92"]
[EventDate "1976.08.16"]
[EventType "team-tourn"]
[EventRounds "7"]
[EventCountry "VEN"]
[SourceTitle "EXT 2000"]
[Source "ChessBase"]
[SourceDate "1999.11.16"]
[SourceVersion "1"]
[SourceVersionDate "1999.11.16"]
[SourceQuality "1"]
[WhiteTeam "Cuba"]
[BlackTeam "Soviet Union"]
[WhiteTeamCountry "CUB"]
[BlackTeamCountry "URS"]

1. c4 Nf6 2. Nc3 d5 3. cxd5 Nxd5 4. g3 g6 5. Bg2 Nb6 6. b3 Bg7 7. Bb2 O-O 8.
Nf3 Nc6 9. O-O e5 10. d3 Nd4 11. e3 Nxf3+ 12. Bxf3 c6 13. Qe2 f5 14. Rac1 Qe7
15. Bg2 Be6 16. Nb1 Rfd8 17. Ba3 Qf7 18. Rfd1 a5 19. Nc3 h5 20. Bc5 Nd7 21. Na4
h4 22. Ba3 Bf6 23. Bb2 Qf8 24. Rc2 Kf7 25. e4 Qh6 26. Nc5 hxg3 27. hxg3 Nxc5
28. Rxc5 fxe4 29. Bxe4 Qf8 30. Rdc1 Qd6 31. Qd2 Bf5 32. Qc3 Bxe4 33. dxe4 Rh8
34. Qf3 Kg7 35. Qg4 Rad8 36. Ba3 Qd2 37. R5c2 Qd3 38. Rc3 Qd2 39. R3c2 Qh6 40.
Kf1 Bg5 41. Re1 Rd4 42. Ke2 Rhd8 43. Qf3 Qh3 44. Rb1 Qd7 45. Bb2 Rf8 46. Bxd4
Rxf3 0-1

[Event "URS-ch45 First League"]
[Site "Baku"]
[Date "1977.??.??"]
[Round "17"]
[White "Vaganian, Rafael A"]
[Black "Taimanov, Mark E"]
[Result "1-0"]
[WhiteElo "2545"]
[BlackElo "2530"]
[PlyCount "113"]
[EventDate "1977.??.??"]
[EventType "tourn"]
[EventRounds "17"]
[EventCountry "URS"]
[EventCategory "10"]
[SourceTitle "MCL"]
[Source "ChessBase"]
[SourceDate "1999.07.01"]
[SourceVersion "1"]
[SourceVersionDate "1999.07.01"]
[SourceQuality "1"]

1. c4 e5 2. Nc3 Nf6 3. Nf3 Nc6 4. g3 Bb4 5. Nd5 e4 6. Nh4 O-O 7. Bg2 Re8 8. O-O
Bf8 9. d3 exd3 10. Qxd3 Nxd5 11. cxd5 Ne5 12. Qc2 c5 13. f4 Ng6 14. Nf3 d6 15.
e4 Bg4 16. f5 Nh8 17. Ne1 Bh5 18. h3 f6 19. Nd3 g5 20. b3 Rc8 21. a4 Bg7 22.
Bb2 Rf8 23. Rfc1 Be8 24. Qc4 a5 25. Bf1 Nf7 26. Qc2 Qe7 27. Re1 Bd7 28. Bc3 b6
29. Nb2 Ne5 30. Kg2 Rb8 31. Rec1 Rb7 32. Ba6 Ra7 33. Qe2 Qe8 34. Bxe5 Qxe5 35.
Nc4 Qe7 36. Na3 Qd8 37. Bd3 Bc8 38. Rh1 Re7 39. Raf1 Bb7 40. Qf3 Rff7 41. Bb5
Bf8 42. Nc4 Rg7 43. Re1 Kh8 44. Rd1 Rg8 45. h4 Reg7 46. hxg5 Rxg5 47. Rh4 R8g7
48. Rdh1 Be7 49. Kf2 Bc8 50. R1h3 Rf7 51. Qf4 Bf8 52. Rh1 Ra7 53. g4 Kg8 54.
Nd2 Rf7 55. Nf3 Bd7 56. Bc4 Rgg7 57. Rg1 1-0

[Event "Sao Paulo International"]
[Site "Sao Paulo"]
[Date "1977.04.??"]
[Round "1"]
[White "Rocha, Antonio Cavilhas"]
[Black "Vaganian, Rafael A"]
[Result "0-1"]
[WhiteElo "2365"]
[BlackElo "2545"]
[PlyCount "118"]
[EventDate "1977.04.03"]
[EventType "tourn"]
[EventRounds "13"]
[EventCountry "BRA"]
[EventCategory "6"]
[SourceTitle "EXT 1998"]
[Source "ChessBase"]
[SourceDate "1997.11.17"]
[SourceVersion "1"]
[SourceVersionDate "1997.11.17"]
[SourceQuality "1"]

1. e4 Nf6 2. e5 Nd5 3. d4 d6 4. Nf3 g6 5. Bc4 c6 6. h3 Bg7 7. O-O dxe5 8. Nxe5
O-O 9. Re1 Nd7 10. Nd2 Nxe5 11. dxe5 Bf5 12. Bb3 a5 13. Nf3 a4 14. Bxd5 Qxd5
15. Qxd5 cxd5 16. Nd4 Rfc8 17. c3 a3 18. b3 Rxc3 19. Bxa3 Be4 20. Bb2 Rd3 21.
f3 Bxe5 22. fxe4 Bxd4+ 23. Bxd4 Rxd4 24. exd5 Kf8 25. Rac1 Rxa2 26. Rc7 Rdd2
27. Rexe7 Rxg2+ 28. Kh1 Rgf2 29. Kg1 Rad2 30. d6 Rf6 31. Rc8+ Kg7 32. d7 Ra6
33. Rc1 Kf6 34. d8=Q Rxd8 35. Rxb7 Kg7 36. Rcc7 Rf6 37. b4 Rd1+ 38. Kg2 Rd2+
39. Kg1 Rd3 40. Kg2 h5 41. Rc4 Rd2+ 42. Kg3 Rd3+ 43. Kg2 Ra6 44. Rc2 Raa3 45.
h4 Rd4 46. Rf2 Rg4+ 47. Kh2 Rxh4+ 48. Kg2 Rg4+ 49. Kh2 Kh6 50. Rfxf7 Kg5 51.
Rf2 Kh4 52. Rg2 Rb3 53. b5 g5 54. b6 Rgb4 55. Rc7 g4 56. Rcc2 Rxb6 57. Rgd2
Rh3+ 58. Kg1 Rb1+ 59. Kg2 Rbh1 0-1

[Event "Sao Paulo International"]
[Site "Sao Paulo"]
[Date "1977.04.??"]
[Round "6"]
[White "Sanguineti, Raul"]
[Black "Vaganian, Rafael A"]
[Result "0-1"]
[WhiteElo "2505"]
[BlackElo "2545"]
[PlyCount "108"]
[EventDate "1977.04.03"]
[EventType "tourn"]
[EventRounds "13"]
[EventCountry "BRA"]
[EventCategory "6"]
[SourceTitle "EXT 1998"]
[Source "ChessBase"]
[SourceDate "1997.11.17"]
[SourceVersion "1"]
[SourceVersionDate "1997.11.17"]
[SourceQuality "1"]

1. c4 Nf6 2. Nc3 e6 3. Nf3 Bb4 4. a3 Bxc3 5. bxc3 O-O 6. d3 d6 7. Bg5 h6 8. Bh4
Nbd7 9. Nd2 Re8 10. e3 b6 11. Be2 Bb7 12. O-O e5 13. Re1 Qe7 14. e4 Nf8 15. Nf1
Ng6 16. Bxf6 Qxf6 17. Ne3 Qg5 18. g3 Rf8 19. Bg4 Rae8 20. Ra2 Bc8 21. Bxc8 Rxc8
22. Rf1 Ne7 23. Qa4 f5 24. exf5 Nxf5 25. Nxf5 Qxf5 26. Rd2 e4 27. d4 Qf3 28.
Qc2 Rce8 29. Re2 e3 30. Rc1 Rf6 31. Rxe3 Rxe3 32. fxe3 Qxe3+ 33. Kg2 Qf3+ 34.
Kg1 h5 35. Re1 h4 36. Qg2 hxg3 37. hxg3 c6 38. Qxf3 Rxf3 39. Kg2 Rxc3 40. Re6
d5 41. cxd5 cxd5 42. Rd6 Rxa3 43. Rxd5 Kf7 44. Rd7+ Kf6 45. Kh3 b5 46. Rb7 a6
47. Kg4 Ke6 48. Kf4 Kd5 49. Rd7+ Kc4 50. d5 Kc5 51. Rxg7 Kxd5 52. g4 Ra1 53. g5
Rf1+ 54. Ke3 a5 0-1

[Event "Sao Paulo International"]
[Site "Sao Paulo"]
[Date "1977.04.??"]
[Round "11"]
[White "Vaganian, Rafael A"]
[Black "Bronstein, Luis Marcos"]
[Result "1-0"]
[WhiteElo "2545"]
[BlackElo "2385"]
[PlyCount "55"]
[EventDate "1977.04.03"]
[EventType "tourn"]
[EventRounds "13"]
[EventCountry "BRA"]
[EventCategory "6"]
[SourceTitle "EXT 1998"]
[Source "ChessBase"]
[SourceDate "1997.11.17"]
[SourceVersion "1"]
[SourceVersionDate "1997.11.17"]
[SourceQuality "1"]

1. d4 e6 2. e4 c5 3. d5 exd5 4. exd5 d6 5. Nc3 Nf6 6. Nf3 Be7 7. Be2 O-O 8. O-O
Na6 9. Re1 Nc7 10. a4 b6 11. Rb1 Re8 12. h3 h6 13. Bc4 Bf8 14. Rxe8 Qxe8 15.
Be3 Bd7 16. b4 Ne4 17. Nxe4 Qxe4 18. Nd2 Qg6 19. Bd3 Bf5 20. Bxf5 Qxf5 21. c4
Re8 22. Qg4 Qc2 23. bxc5 Rxe3 24. fxe3 Qxd2 25. c6 Qxe3+ 26. Kh1 Qe7 27. a5 h5
28. Qd7 1-0

[Event "Sao Paulo International"]
[Site "Sao Paulo"]
[Date "1977.04.??"]
[Round "12"]
[White "Camara, Helder"]
[Black "Vaganian, Rafael A"]
[Result "0-1"]
[WhiteElo "2320"]
[BlackElo "2545"]
[PlyCount "110"]
[EventDate "1977.04.03"]
[EventType "tourn"]
[EventRounds "13"]
[EventCountry "BRA"]
[EventCategory "6"]
[SourceTitle "EXT 1998"]
[Source "ChessBase"]
[SourceDate "1997.11.17"]
[SourceVersion "1"]
[SourceVersionDate "1997.11.17"]
[SourceQuality "1"]

1. Nf3 Nf6 2. g3 d5 3. Bg2 c6 4. O-O Bg4 5. d3 Nbd7 6. Nbd2 e5 7. h3 Bh5 8. e4
dxe4 9. dxe4 Bc5 10. Qe2 O-O 11. g4 Bg6 12. Nh4 Re8 13. Nf5 Nf8 14. Nb3 Bb6 15.
Bg5 Ne6 16. Rad1 Qc7 17. Be3 Nf4 18. Qf3 Bxf5 19. gxf5 Rad8 20. Nc1 Bxe3 21.
Qxe3 Qb6 22. Qxb6 axb6 23. f3 Kf8 24. Rfe1 g6 25. fxg6 hxg6 26. Bf1 N6h5 27.
Kf2 Ke7 28. Nb3 Ng7 29. a4 Nge6 30. Kg3 Rh8 31. Nd2 Rd4 32. Nc4 Rxc4 33. Bxc4
Rxh3+ 34. Kg4 Rh2 35. Rg1 Rxc2 36. b3 c5 37. Rc1 Rh2 38. Bxe6 Kxe6 39. Kg3 Rh3+
40. Kf2 Nd3+ 41. Kg2 Nf4+ 42. Kf2 Rh2+ 43. Kg3 Rh5 44. Rb1 Ne2+ 45. Kf2 Nxg1
46. Kxg1 Rh8 47. b4 c4 48. Rc1 Rc8 49. Rc3 Kf6 50. Kf2 Kg5 51. Ke3 f5 52. exf5
gxf5 53. f4+ exf4+ 54. Kf3 Rc7 55. Rc1 c3 0-1

[Event "October Revolution 60years"]
[Site "Leningrad"]
[Date "1977.06.25"]
[Round "1"]
[White "Vaganian, Rafael A"]
[Black "Kuzmin, Gennadi P"]
[Result "1-0"]
[WhiteElo "2545"]
[BlackElo "2550"]
[Annotator "Moiseev,V"]
[PlyCount "83"]
[EventDate "1977.06.25"]
[EventType "tourn"]
[EventRounds "17"]
[EventCountry "URS"]
[EventCategory "13"]
[SourceTitle "MCL"]
[Source "ChessBase"]
[SourceDate "1999.07.01"]
[SourceVersion "1"]
[SourceVersionDate "1999.07.01"]
[SourceQuality "1"]

1. Nf3 Nf6 2. c4 g6 3. b3 Bg7 4. Bb2 O-O (4... c5 $5 5. g3 d6 6. d4 Ne4 7. Nfd2
Qa5 $1 8. Bg2 Nxd2 9. Bc3 Nxb3 $5 10. Bxa5 Nxa5 11. Qa4+ Nac6 12. Nd2 O-O 13.
Rb1 cxd4 14. O-O Nd7 $44 {Psakhis,L-Magerramov,E/URS/1978/0:1 (40) Inf 26/55/})
5. g3 d6 6. d4 b6 $6 (6... Nbd7 7. Bg2 e5 8. O-O e4 9. Ng5 $1 {N 9.Ne1-37/639/}
e3 10. f4 h6 $6 (10... Re8 11. Nc3 Nf8 12. b4 $14 {Gurevich,V}) 11. Nf3 Re8 12.
Nc3 (12. f5 $5) 12... c6 $6 13. f5 $1 $16 {Wojtkiewicz,A-Gurevich,V/Werfen/
1990/ Inf 51/571/}) (6... c5 $5 7. Bg2 Ne4 8. O-O Nc6 9. Nbd2 (9. Qc2 $2 Bf5
10. Qd1 (10. g4 Nb4 $19) 10... Bg4 11. e3 Ng5 $1 $17 {Carlhammar,M-Smirin,I/
Gausdal/1990/0:1/ (18)}) 9... Bf5 10. Nxe4 (10. e3 Qa5 $1 $10) 10... Bxe4 11.
Qd2 cxd4 12. Nxd4 Bxg2 13. Kxg2 Nxd4 14. Bxd4 Bxd4 15. Qxd4 $10) 7. Bg2 Bb7 8.
O-O Nbd7 (8... e6 $5 9. Nc3 c5) 9. Nc3 Ne4 10. Qc2 Nxc3 11. Bxc3 Nf6 12. d5 c6
13. e4 cxd5 14. exd5 $16 Rc8 $6 (14... b5 $142 15. cxb5 Bxd5) 15. Qd3 b5 16.
Bh3 $1 (16. cxb5 Rxc3 17. Qxc3 Nxd5 $10) 16... bxc4 17. bxc4 Ra8 18. Rfe1 Re8
19. Rab1 Qc7 20. Nd4 Ba6 21. Nc6 {/\ 22.Bc3-a5} Nxd5 $8 22. Qxd5 e6 (22... Bxc3
23. Rxe7 $1 $18) 23. Ba5 $1 (23. Bxe6 $2 Bxc3) 23... Qd7 24. Nb4 Qa4 25. Bxe6 (
25. Qc6 Qxc6 26. Nxc6 Bxc4 27. a3 $18) 25... fxe6 26. Rxe6 Rxe6 27. Qxe6+ Kh8
28. Qd5 Rf8 29. Bc7 $1 (29. Nxa6 $6 Qxa2 30. Rf1 Rf5 31. Qxd6 Qxa5 $44) 29...
Rc8 30. Nxa6 Qxa6 31. Qb7 Qxb7 32. Rxb7 $18 Bd4 33. Kg2 Bc5 34. f4 Re8 35. Rb8
Rxb8 36. Bxb8 Kg7 37. Kf3 Kf6 38. Ke4 h5 39. Kd5 Ke7 40. h3 Kd7 41. g4 hxg4 42.
hxg4 1-0

[Event "WchT Students 22nd Group1"]
[Site "Mexico City"]
[Date "1977.08.07"]
[Round "1"]
[White "Vaganian, Rafael A"]
[Black "Borngaesser, Rene"]
[Result "1-0"]
[WhiteElo "2545"]
[BlackElo "2375"]
[PlyCount "57"]
[EventDate "1977.08.07"]
[EventType "team-tourn"]
[EventRounds "5"]
[EventCountry "MEX"]
[SourceTitle "EXT 2003"]
[Source "ChessBase"]
[SourceDate "2002.11.25"]
[SourceVersion "1"]
[SourceVersionDate "2002.11.25"]
[SourceQuality "1"]
[WhiteTeam "Soviet Union"]
[BlackTeam "German Fed Rep"]
[WhiteTeamCountry "URS"]
[BlackTeamCountry "GER"]

1. d4 f5 2. Nf3 Nf6 3. g3 g6 4. Bg2 Bg7 5. O-O O-O 6. c4 d6 7. d5 c6 8. Nc3
cxd5 9. cxd5 a5 10. Be3 Nbd7 11. Bd4 Nc5 12. a4 Bd7 13. Bxc5 dxc5 14. Qb3 (14.
Ne5 Ne8 15. Nc4 (15. Nxd7 Qxd7 16. e3 $14) 15... Nd6) 14... Kh8 15. Rad1 Ne8
16. e4 (16. Ng5 {[%csl Re6]}) 16... fxe4 17. Nxe4 Qc7 18. Rc1 b6 19. Rfe1 (19.
Nfg5 {[%cal Gg5f7]}) 19... Nd6 20. Neg5 Bf6 21. Bh3 Nf5 22. Re4 h6 23. Ne6 Bxe6
24. Rxe6 Nd4 $2 25. Nxd4 Bxd4 26. Qd3 Bxb2 27. Rc4 Rf6 28. Re2 Bd4 29. Qxd4 1-0

[Event "WchT Students 22nd final A"]
[Site "Mexico City"]
[Date "1977.08.14"]
[Round "1"]
[White "Borngaesser, Rene"]
[Black "Vaganian, Rafael A"]
[Result "0-1"]
[WhiteElo "2375"]
[BlackElo "2545"]
[PlyCount "66"]
[EventDate "1977.08.14"]
[EventType "team-tourn"]
[EventRounds "9"]
[EventCountry "MEX"]
[SourceTitle "EXT 2003"]
[Source "ChessBase"]
[SourceDate "2002.11.25"]
[SourceVersion "1"]
[SourceVersionDate "2002.11.25"]
[SourceQuality "1"]
[WhiteTeam "German Fed Rep"]
[BlackTeam "Soviet Union"]
[WhiteTeamCountry "GER"]
[BlackTeamCountry "URS"]

1. e4 c5 2. Nf3 d6 3. d4 cxd4 4. Nxd4 Nf6 5. Nc3 a6 6. Bg5 e6 7. f4 Qb6 8. Nb3
Be7 9. Qd2 Nbd7 10. O-O-O Qc7 11. g4 (11. Bd3) 11... b5 12. a3 Bb7 13. Bg2 {
Un peu lent et Bd3 semble davantage dans l'esprit de la position.} (13. Bd3 Rc8
14. Rhe1 {[%cal Gc3d5]} Nxg4 (14... O-O 15. e5) 15. Bxe7 Kxe7 16. Bxb5 $1 axb5
17. Nxb5 Qb6 18. Nxd6 $44) 13... Rc8 14. Rhe1 h6 15. Bh4 g5 $1 {Un thème
courant dans la Najdorf} 16. fxg5 (16. e5 $142 $5 dxe5 17. fxe5 (17. Bxb7)
17... Bxg2 18. exf6 $13) 16... Nxg4 {[%cal Ge7h4]} 17. e5 (17. Kb1) 17... Ngxe5
$17 {[%csl Ge5]} 18. Bxb7 Qxb7 19. Ne4 d5 $19 20. g6 dxe4 21. gxf7+ Nxf7 22.
Bxe7 Kxe7 23. Qb4+ Ke8 24. Rxe4 e5 25. Re2 Rg8 26. Nd4 Rc4 27. Qe1 Qb6 28. Red2
Qg6 29. Rd3 Kf8 30. Nb3 Nf6 31. Na5 Re4 32. Qf2 Kg7 33. Nc6 Ng4 0-1

[Event "WchT Students 22nd final A"]
[Site "Mexico City"]
[Date "1977.08.20"]
[Round "7"]
[White "Vaganian, Rafael A"]
[Black "Regan, Kenneth"]
[Result "1-0"]
[WhiteElo "2545"]
[BlackElo "2375"]
[PlyCount "83"]
[EventDate "1977.08.14"]
[EventType "team-tourn"]
[EventRounds "9"]
[EventCountry "MEX"]
[SourceTitle "EXT 2003"]
[Source "ChessBase"]
[SourceDate "2002.11.25"]
[SourceVersion "1"]
[SourceVersionDate "2002.11.25"]
[SourceQuality "1"]
[WhiteTeam "Soviet Union"]
[BlackTeam "US of America"]
[WhiteTeamCountry "URS"]
[BlackTeamCountry "USA"]

1. d4 b6 2. e4 Bb7 3. Bd3 Nf6 4. Nd2 e6 5. Ngf3 c5 6. c3 Nc6 7. a3 d6 8. O-O
Be7 9. Qe2 Qc7 10. Re1 h6 11. b4 g5 12. bxc5 dxc5 13. Nb3 O-O-O 14. dxc5 bxc5
15. Ba6 (15. Rb1 $5 {[%cal Gb1b7]}) 15... g4 16. Nfd2 Bd6 $6 (16... Qb6 17.
Bxb7+ Kxb7 18. Rb1 Ka8 19. Nc4 $16) 17. Rb1 Bxh2+ 18. Kh1 Bxa6 19. Qxa6+ Kd7
20. Nxc5+ Ke8 21. Nc4 Ne5 22. Be3 Nfd7 23. Nd6+ Ke7 24. Ncb7 g3 25. f3 Rhg8 26.
Red1 Rb8 27. Bf4 Qxc3 28. Rbc1 Qb3 29. Bxe5 Nxe5 30. Qa5 Kf6 31. Qd2 Kg6 32.
Nc5 Qb2 33. Rc2 Qxa3 34. Qf4 Rb2 35. Rcc1 Qa2 36. Qxe5 Rxg2 37. Qf4 Rf8 38. Nd7
e5 39. Nxf8+ Kg7 40. Qg4+ Kxf8 41. Qc8+ Ke7 42. Qc7+ 1-0